Word Ladder: Best Picture, 1981 Quiz Stats

 Plays Quiz Updated Jul 1, 2015

Challenge
Share
Tweet
Embed
Score 0/18 Timer 02:00
0 Plays Today
Hint 4-Letter Word % Correct
★ Nominee: Raiders of the ____ Ark ★LOST
99.7%
Supremes' lead singer DianaROSS
96.3%
Moneyball actor BradPITT
94.8%
Money spent more than money receivedLOSS
94.3%
★★ Best Picture: Chariots of ____ ★★FIRE
92.2%
Place of archaeological digSITE
87.9%
Male parent of horseSIRE
87.2%
Feeling of sorrow and compassion PITY
86.3%
20 imperial fluid ouncesPINT
85.9%
Hint 4-Letter Word % Correct
Steiger, Stewart, and SerlingRODS
84.2%
Issue ticket for infractionCITE
83.9%
★ Nominee: Atlantic ____CITY
83.3%
★ Nominee: On Golden ____POND
80.9%
Sanford and Son actor FoxxREDD
73.2%
Ferry boat in South AfricaPONT
71.1%
★ Nominee: ____REDS
70.4%
Tear into piecesREND
69.8%
Await decisionPEND
69.6%

Today's Daily Dose

You're not logged in!

Compare scores with friends on all Sporcle quizzes.
Join for Free
OR
Log In

You Might Also Like...

Show Comments

Extras

Top Quizzes Today


Score Distribution

Your Account Isn't Verified!

In order to create a playlist on Sporcle, you need to verify the email address you used during registration. Go to your Sporcle Settings to finish the process.

Report this User

Report this user for behavior that violates our Community Guidelines.

Details: